[Event "Nikaia op 23rd"]
[Site "Nikaia"]
[Date "2015.08.28"]
[Round "2"]
[White "Sakaridis, Emmanouil"]
[Black "Tsiros, Fragkiskos Vlasios"]
[Result "0-1"]
[WhiteElo "1939"]
[BlackElo "2216"]
[PlyCount "66"]
[EventDate "2015.08.26"]
[EventType "swiss"]
[EventRounds "9"]
[EventCountry "GRE"]
[SourceTitle "EXT 2016"]
[Source "ChessBase"]
[SourceDate "2015.10.08"]
[SourceVersion "1"]
[SourceVersionDate "2015.10.08"]
[SourceQuality "1"]

1. d4 d6 2. e4 Nf6 3. Nc3 g6 4. Be3 a6 5. a4 Bg7 6. h3 0-0 7. Nf3 Nc6 8. a5 e5 9. d5 Ne7 10. Bc4 Ne8 11. g4 f5 12. Ng5 h6 13. Ne6 Bxe6 14. dxe6 fxe4 15. Nxe4 d5 16. Bc5 Rf4 17. f3 c6 18. Bb3 Nc7 19. Bb6 Nc8 20. Be3 Qh4+ 21. Bf2 Qe7 22. Nc5 Nxe6 23. Nxe6 Qxe6 24. Be3 Rf6 25. 0-0 Nd6 26. Ra4 Raf8 27. Kg2 Kh7 28. Qe2 g5 29. c4 e4 30. cxd5 cxd5 31. Qc2 Rxf3 32. Rxf3 Rxf3 33. Bxd5 Qxd5 0-1

[Event "Paleochora op 4th"]
[Site "Paleochora"]
[Date "2011.07.20"]
[Round "1"]
[White "Yilmaz, Mustafa"]
[Black "Sakaridis, Emmanouil"]
[Result "1-0"]
[WhiteElo "2519"]
[BlackElo "1854"]
[PlyCount "51"]
[EventDate "2011.07.20"]
[EventType "swiss"]
[EventRounds "9"]
[EventCountry "GRE"]
[SourceTitle "CBM 143 Extra"]
[Source "ChessBase"]
[SourceDate "2011.08.29"]
[SourceVersion "1"]
[SourceVersionDate "2011.08.29"]
[SourceQuality "1"]

1. Nf3 Nf6 2. c4 e6 3. g3 d5 4. Bg2 Be7 5. d4 0-0 6. 0-0 dxc4 7. Qa4 a6 8. Qxc4 b5 9. Qc2 Bb7 10. Bd2 Be4 11. Qc1 Qc8 12. Bg5 Nbd7 13. Qf4 Bd6 14. Qh4 c5 15. Nbd2 Bc6 16. dxc5 Bxc5 17. Rac1 Qb7 18. Bxf6 gxf6 19. Nb3 Bb6 20. Rxc6 Qxc6 21. Ng5 Qxg2+ 22. Kxg2 fxg5 23. Qxg5+ Kh8 24. Qe7 Ra7 25. Rd1 Bd8 26. Qb4 1-0